000 00472ntaaa2200181 4500
003 01
005 20251027201713.0
008 0714s1973 ag 01
040 _aAR-BaBN
_bspa
_cAR-BaBN
_eaacr
_dRIC
082 _a234.0000 B62
100 _aBloesch, Donald G.
_915630
245 _aThe christian life and salvation
250 _a1 ed.
260 _aGrand Rapids :
_bWilliam b Eerdmans Publishing Company,
_cc1967
300 _a164 p
650 _asalvación
942 _cBK
999 _c11722
_d11722